seven ages (Record no. 13018)
[ view plain ]
| 000 -LEADER | |
|---|---|
| fixed length control field | 00541 a2200157 4500 |
| 245 ## - TITLE STATEMENT | |
| Title | seven ages |
| Medium | |
| 650 ## - SUBJECT ADDED ENTRY--TOPICAL TERM | |
| Topical term or geographic name entry element | literature |
| 260 ## - PUBLICATION, DISTRIBUTION, ETC. | |
| Place of publication, distribution, etc. | xxu |
| Date of publication, distribution, etc. | [1889] |
| 084 ## - | |
| -- | PN2093 .A44 1877 no. Thr. E/S |
| 300 ## - PHYSICAL DESCRIPTION | |
| Extent | 1 v. (theater program). |
| Other physical details | 1 v. (theater program). |
| Dimensions | 1 v. (theater program). |
| 500 ## - GENERAL NOTE | |
| General note | Standard Theatre [New York, N.Y.], 34d month, 10th week commencing Monday, December 9th [1889]. |
No items available.